| 000 | 00658nam a2200169 a 4500 | ||
|---|---|---|---|
| 008 | 120416s1974 ||||||||||||||||| || u | ||
| 020 | _a0070602190 | ||
| 050 | _aQA 403.5 Spi | ||
| 100 | _aSpiegel, Murray R | ||
| 245 | 1 | 0 | _aSchaum's Outline of theory and problems of fourier analysis: with applications to boundary value problems |
| 260 |
_aNew York: _bMcGraw-Hill _c1974 |
||
| 300 | _a(vi) 191p. | ||
| 350 | _a0.00 | ||
| 650 | _aMATHEMATICAL ANALYSIS | ||
| 650 | 0 | _aMATHEMATICS--HANDBOOKS, MANUALS, ETC | |
| 995 |
_D0.00 _FCBU-MAIN LIBRARY (Kitwe) _H1 _I3.70 _M1 _UDAMAGED _ZMain Library Open Access Collection |
||
| 999 |
_c57026 _d57026 |
||